Linie lotnicze posiadające boeinga 737 - Statystyki

Ogólne statystyki
  • Ten quiz został rozwiązany 43 razy
  • Średni wynik to 10 z 72
Statystyki odpowiedzi
liczba samolotów Państwo linia lotnicza % Poprawnych
8 Polska Lot
91%
726 Irlandia, Polska, Malta Ryanair/Buzz air/Malta air
91%
366 USA American Airlines
71%
240 USA Delta
63%
801 USA Southwest
54%
364 USA United
54%
75 Australia Qantas
49%
29 Polska Enter Air
43%
48 Czechy Smartwings
40%
336 Chiny Air China
37%
88 Norwegia Norwegian
34%
334 USA Alaska Airlines
29%
105 Wielka Brytania Jet2.com
26%
22 Korea Płd. Korean air
26%
50 Japonia Japan Airlines
23%
29 Egipt EgyptAir
20%
141 Brazylia GOL
20%
41 Korea płd. Jeju air
20%
8 Rumunia Tarom
20%
56 Wielka Brytania TUI Airways
20%
105 Chiny China Eastern
17%
32 Etiopia Ethiopian Airlines
17%
20 Hiszpania Air Europa
14%
32 Maroko Royal Air Maroc
14%
117 Kanada West Jet
14%
52 Argentyna Aerolineas Argentinas
9%
13 Malta Corendon
9%
7 Nauru Nauru Airlines
9%
37 Indie SpiceJet
9%
32 Algieria Air Algerie
6%
16 Słowacja Air Explore
6%
1 Vanuatu Air Vanuatu
6%
5 Hiszpania/Włochy AlbaStar
6%
33 RPA FlySafair
6%
17 Włochy Neos
6%
17 Tajlandia Nok Air
6%
3 Papua-Nowa Gwinea Air Niugini
3%
17 Togo ASKY Airlines
3%
22 USA Avelo Airlines
3%
9 Wenezuela Conviasa
3%
20 Kanada Flair Airlines
3%
17 Argentyna Flybondi
3%
149 Chiny Hainan Airlines
3%
30 Chiny Kunming Airlines
3%
10 Kanada Nolinor Aviation
3%
28 Chiny Okay airways
3%
63 USA Sun Country Airlines
3%
1 Chiny Suparna Airlines
3%
96 Australia Virgin Australia
3%
9 Kolumbia Wingo
3%
147 Chiny XiamenAir
3%
4 Kolumbia AerCaribe
0%
4 Libia Afriqiyah Airways
0%
1 Chiny Air central
0%
30 Indie Aksa Air
0%
3 Malezja Asia Cargo Network
0%
1 Australia ASL Australia
0%
53 Francja ASL France
0%
4 Sudan Badr Airlines
0%
4 Bułgaria Compass Cargo Airlines
0%
4 Somalia Daallo Airlines
0%
5 Tajlandia K-Mile Air
0%
1 Kolumbia LAS Cargo
0%
3 Brazylia Modern Logistics
0%
6 RPA Star Air
0%
6 Nowa Zelandia Texel Air Australasia
0%
23 Tajlandia Thai Lion Air
0%
7 Chiny Tianjin air cargo
0%
1 Wenezuela Venezolana
0%
5 Malezja World Cargo Airlines
0%
1 Chiny YTO
0%
2 Zambia Zambia Airways
0%
Nie znaleziono quizów pasujących do podanych kryteriów
Rozkład punktacji
Procent ludzi z każdym wynikiem
Percentyl według liczby udzielonych odpowiedzi
Twoja historia wyników
Nie rozwiązałeś tego quizu